| 000 | 00644nam a2200241Ia 4500 | ||
|---|---|---|---|
| 005 | 20250425162844.0 | ||
| 008 | 250425s9999 xx 000 0 und d | ||
| 020 | _a9786071502605 | ||
| 041 | _aspa | ||
| 082 |
_a658.404 _pBAC |
||
| 100 | _aBaca Urbina, Gabriel | ||
| 245 | 0 |
_aEvaluación de Proyectos _cGabriel, Baca Urbina |
|
| 250 | _a6a.ed. | ||
| 260 | _aDistrito Federal | ||
| 260 |
_aMéxico _bMCGRAW-HILL _c2010 |
||
| 300 |
_a309 páginas _bil _c30x20 cm |
||
| 650 | _aAdministración de Riesgo | ||
| 650 | _aEvaluacion de Proyecto | ||
| 650 | _aEvaluación Económica | ||
| 902 | _aLibro | ||
| 942 | _c01 | ||
| 010 | _a114358 | ||
| 999 |
_c237812 _d237812 |
||